[Event "Lvov Vasylyshyn Memorial 19th"]
[Site "Lvov"]
[Date "2022.12.12"]
[Round "1"]
[White "Dankulinec, Julia"]
[Black "Polulikh, Bogdan"]
[Result "0-1"]
[WhiteElo "1702"]
[BlackElo "2322"]
[PlyCount "92"]
[EventDate "2022.12.12"]
[EventType "tourn"]
[EventRounds "9"]
[EventCountry "UKR"]
[EventCategory "4"]
[SourceTitle "CBM 211 Extra"]
[Source "ChessBase"]
[SourceDate "2023.01.31"]
[SourceVersion "1"]
[SourceVersionDate "2023.01.31"]
[SourceQuality "1"]

1. e4 e5 2. Nf3 Nc6 3. d4 exd4 4. Bc4 Nf6 5. e5 d5 6. Bb5 Ne4 7. Nxd4 Bd7 8. Bxc6 bxc6 9. 0-0 Be7 10. c3 0-0 11. Nd2 Nxd2 12. Bxd2 c5 13. Ne2 c6 14. Bf4 Be6 15. Qd2 Qd7 16. Ng3 Rad8 17. Rfd1 Bf5 18. Rac1 Bg6 19. h3 d4 20. Qe1 Qe6 21. cxd4 cxd4 22. Qa5 c5 23. b3 Rd7 24. Qa4 h5 25. Qc4 Rd5 26. Ne2 Rb8 27. Bd2 Rxe5 28. Bf4 Rb4 29. Qxe6 Rxe6 30. Bd2 Rxe2 31. Bxb4 cxb4 32. Rxd4 Kh7 33. Rd7 Bf6 34. Rxa7 Bd4 35. Rd7 Bxf2+ 36. Kf1 Rxa2 37. Rc4 Bg3 38. Rxb4 Rf2+ 39. Kg1 Re2 40. Rd1 Be4 41. Kf1 Rf2+ 42. Kg1 Rxg2+ 43. Kf1 Rf2+ 44. Kg1 f5 45. Rd7 Rh2 46. Kf1 Bf3 0-1